Normal view
MARC view
Entry Personal Name
001 - CONTROL NUMBER
- control field: 59924
003 - CONTROL NUMBER IDENTIFIER
- control field: dpl
005 - DATE AND TIME OF LATEST TRANSACTION
- control field: 20231219111630.0
008 - FIXED-LENGTH DATA ELEMENTS
- fixed length control field: 231219|| aca||aabn | a|a d
040 ## - CATALOGING SOURCE
- Original cataloging agency: dpl
- Transcribing agency: dpl
100 ## - HEADING--PERSONAL NAME
- Personal name: Chary, Narasimha
670 ## - SOURCE DATA FOUND
- Source citation: Work cat.: (dpl)164875: Kolluri, Elisha 59923, Classroom management and organization:, 2020
